[Event "Gibraltar Masters 16th"]
[Site "Caleta"]
[Date "2018.01.29"]
[Round "7"]
[White "Bellahcene, Bilel"]
[Black "Midonet, Matthieu"]
[Result "1-0"]
[WhiteElo "2494"]
[BlackElo "2213"]
[PlyCount "113"]
[EventDate "2018.01.23"]
[EventType "swiss"]
[EventRounds "10"]
[EventCountry "GGB"]
[SourceTitle "CBM 183"]
[Source "ChessBase"]
[SourceDate "2018.03.14"]
[SourceVersion "1"]
[SourceVersionDate "2018.03.14"]
[SourceQuality "1"]

1. b3 d5 2. Bb2 Nf6 3. e3 e6 4. f4 c5 5. Nf3 Nc6 6. Bb5 Bd7 7. 0-0 Be7 8. d3 a6 9. Bxc6 Bxc6 10. Ne5 Rc8 11. Nd2 0-0 12. a4 b6 13. Rf3 Nd7 14. Rh3 Nxe5 15. Qh5 h6 16. Bxe5 Bf6 17. Rg3 Kh8 18. Nf3 Be8 19. Qg4 Rg8 20. Rd1 b5 21. axb5 axb5 22. Rf1 Ra8 23. f5 Bxe5 24. Nxe5 Qf6 25. d4 Ra2 26. fxe6 Qxe6 27. Qxe6 fxe6 28. dxc5 Rxc2 29. b4 Bh5 30. Rh3 Be2 31. Ra1 Kh7 32. Rh4 Rf8 33. Nc6 Bd3 34. Nd4 Rb2 35. Nxe6 Rff2 36. Rg4 g5 37. Nd4 Be4 38. c6 Rxg2+ 39. Rxg2 Bxg2 40. c7 Bh3 41. Rc1 Rxb4 42. c8Q Bxc8 43. Rxc8 Kg6 44. Rc6+ Kh5 45. Kg2 g4 46. Kg3 Rb1 47. Rd6 Rg1+ 48. Kf2 Ra1 49. Kg2 Re1 50. Rxd5+ Kg6 51. Kf2 Rh1 52. Kg3 h5 53. Rxb5 Rg1+ 54. Kh4 Rg2 55. Rb6+ Kf7 56. Kxh5 Rxh2+ 57. Kxg4 1-0

[Event "Gibraltar Masters 16th"]
[Site "Caleta"]
[Date "2018.01.23"]
[Round "1"]
[White "Lagno, Kateryna"]
[Black "Midonet, Matthieu"]
[Result "1-0"]
[WhiteElo "2556"]
[BlackElo "2213"]
[PlyCount "85"]
[EventDate "2018.01.23"]
[EventType "swiss"]
[EventRounds "10"]
[EventCountry "GGB"]
[SourceTitle "CBM 183"]
[Source "ChessBase"]
[SourceDate "2018.03.14"]
[SourceVersion "1"]
[SourceVersionDate "2018.03.14"]
[SourceQuality "1"]

1. e4 c5 2. Nf3 Nc6 3. d4 cxd4 4. Nxd4 e5 5. Nb5 d6 6. c4 Be7 7. N1c3 a6 8. Na3 f5 9. exf5 Bxf5 10. Nc2 Nf6 11. Ne3 Be6 12. g3 0-0 13. Bg2 Qd7 14. 0-0 Rae8 15. Ned5 Bd8 16. Nxf6+ Bxf6 17. Nd5 Bd8 18. Be3 Kh8 19. Qd2 Ne7 20. Rad1 Nf5 21. c5 Nxe3 22. Nxe3 Bxa2 23. b4 Bb3 24. Qxd6 Qf7 25. Bd5 Bxd5 26. Qxd5 Qc7 27. Nc4 Be7 28. Rfe1 Rd8 29. Qxe5 Qxe5 30. Nxe5 Kg8 31. Rxd8 Rxd8 32. Nc6 bxc6 33. Rxe7 Rb8 34. Ra7 Rxb4 35. Rxa6 Kf7 36. Rxc6 g5 37. Kg2 Rb3 38. h3 Rc3 39. Rc8 Ke6 40. Rh8 Rxc5 41. Rxh7 Kf6 42. Ra7 Rc6 43. Ra4 1-0

[Event "Paris-ch 92nd"]
[Site "Paris"]
[Date "2017.07.15"]
[Round "2"]
[White "Dourerassou, Jonathan"]
[Black "Midonet, Matthieu"]
[Result "1-0"]
[WhiteElo "2490"]
[BlackElo "2255"]
[PlyCount "93"]
[EventDate "2017.07.14"]
[EventType "swiss"]
[EventRounds "9"]
[EventCountry "FRA"]
[SourceTitle "EXT 2018"]
[Source "ChessBase"]
[SourceDate "2017.10.13"]
[SourceVersion "1"]
[SourceVersionDate "2017.10.13"]
[SourceQuality "1"]

1. e4 c5 2. Nf3 Nc6 3. Bb5 e6 4. Bxc6 bxc6 5. b3 d6 6. e5 dxe5 7. Nxe5 Qd5 8. Nf3 Qe4+ 9. Kf1 Nf6 10. d3 Qf5 11. Nbd2 Be7 12. Bb2 0-0 13. Qe2 Ba6 14. h3 Nd5 15. Ne4 Nf4 16. Qe3 Nd5 17. Qe1 Nb4 18. Qc3 f6 19. Kg1 Rad8 20. Ng3 Qg6 21. a3 Nd5 22. Qa5 Bc8 23. Re1 Bd6 24. Ne4 Bc7 25. Qxc5 Bb6 26. Qc4 e5 27. Bc1 Kh8 28. Qxc6 Rf7 29. Nd6 Rc7 30. Qxd5 Bb7 31. Nh4 Qh5 32. Qe6 Qxh4 33. Be3 Bxe3 34. Rxe3 Bc8 35. Nxc8 Rcxc8 36. c4 Qd4 37. Rg3 Rc7 38. Rf3 Rcd7 39. Kh2 Qc3 40. b4 Qxa3 41. d4 Qxb4 42. dxe5 Re7 43. Rd1 Rde8 44. Qd6 Qxc4 45. exf6 gxf6 46. Qxf6+ Rg7 47. Rd7 1-0

[Event "Martinique-ch"]
[Site "Le Lamentin"]
[Date "2017.05.21"]
[Round "10"]
[White "Midonet, Matthieu"]
[Black "Verneuil, Pascal"]
[Result "1-0"]
[WhiteElo "2247"]
[BlackElo "2197"]
[PlyCount "67"]
[EventDate "2017.05.21"]
[EventType "tourn"]
[EventRounds "11"]
[EventCountry "MFR"]
[SourceTitle "EXT 2019"]
[Source "ChessBase"]
[SourceDate "2018.10.10"]
[SourceVersion "1"]
[SourceVersionDate "2018.10.10"]
[SourceQuality "1"]

1. e4 c5 2. Nf3 Nc6 3. Bb5 e6 4. 0-0 Nge7 5. Nc3 a6 6. Bxc6 Nxc6 7. d4 cxd4 8. Nxd4 Qc7 9. Nxc6 dxc6 10. Be3 Bd7 11. Qh5 g6 12. Qh4 Be7 13. Bg5 Qd8 14. Bxe7 Qxe7 15. Qg3 c5 16. e5 Bc6 17. Rad1 0-0 18. Rd6 f6 19. exf6 Rxf6 20. Rfd1 Rf5 21. Qe3 Re8 22. Ne4 Bd5 23. f3 Ref8 24. c4 Bc6 25. Nxc5 e5 26. Ne4 Rf4 27. Qc5 Qf7 28. Ng5 Rxc4 29. Qxe5 Qf5 30. Qe7 Rf7 31. Nxf7 Qxf7 32. Qe5 Qf5 33. Rd8+ Kf7 34. Qc7+ 1-0

[Event "Martinique-ch"]
[Site "Le Lamentin"]
[Date "2017.05.21"]
[Round "9"]
[White "Suez Panama, Gilles"]
[Black "Midonet, Matthieu"]
[Result "1-0"]
[WhiteElo "2041"]
[BlackElo "2247"]
[PlyCount "111"]
[EventDate "2017.05.21"]
[EventType "tourn"]
[EventRounds "11"]
[EventCountry "MFR"]
[SourceTitle "EXT 2019"]
[Source "ChessBase"]
[SourceDate "2018.10.10"]
[SourceVersion "1"]
[SourceVersionDate "2018.10.10"]
[SourceQuality "1"]

1. d4 d5 2. Nf3 Nf6 3. c4 c6 4. Nc3 dxc4 5. a4 a5 6. e4 Bg4 7. Bxc4 e6 8. Be3 Bb4 9. Qc2 Bxf3 10. gxf3 Qc7 11. h4 g6 12. 0-0-0 Nbd7 13. e5 Nh5 14. Ne4 Nb6 15. Bg5 Be7 16. Bxe7 Qxe7 17. Nd6+ Kf8 18. Rdg1 Nxc4 19. Qxc4 Kg7 20. Kb1 Rhd8 21. Qc1 Rxd6 22. exd6 Qxd6 23. Qg5 Kh8 24. Rg4 Rd8 25. Qh6 Qd5 26. Qe3 Qf5+ 27. Ka1 Qf6 28. Rc1 Ng7 29. Qc3 h5 30. Rgg1 Rd5 31. Qb3 Nf5 32. Qxb7 Nxd4 33. Rxc6 Nxc6 34. Qxc6 Qxh4 35. Rc1 Kg7 36. Qe8 Rd8 37. Qb5 Rd5 38. Qe8 Qb4 39. Rc8 Kh6 40. Rc1 Qd4 41. Qxf7 Qxa4+ 42. Kb1 Qd7 43. Qf8+ Qg7 44. Qf4+ g5 45. Qa4 Qg6+ 46. Ka2 Qf7 47. Rc6 Qd7 48. Qc4 Re5 49. f4 Rd5 50. fxg5+ Kxg5 51. Rc7 Qd6 52. f4+ Kf5 53. Qc2+ Kxf4 54. Rf7+ Rf5 55. Qh2+ Ke4 56. Qxd6 1-0

[Event "Martinique-ch"]
[Site "Madiana"]
[Date "2016.05.10"]
[Round "6"]
[White "Lafortune, Emerick"]
[Black "Midonet, Matthieu"]
[Result "0-1"]
[WhiteElo "1956"]
[BlackElo "2204"]
[PlyCount "86"]
[EventDate "2016.05.05"]
[EventType "tourn"]
[EventRounds "11"]
[EventCountry "MFR"]
[SourceTitle "EXT 2019"]
[Source "ChessBase"]
[SourceDate "2018.10.10"]
[SourceVersion "1"]
[SourceVersionDate "2018.10.10"]
[SourceQuality "1"]

1. Nf3 d5 2. c4 d4 3. g3 Nc6 4. Bg2 e5 5. d3 Bb4+ 6. Bd2 a5 7. 0-0 Nf6 8. e3 0-0 9. exd4 exd4 10. Bg5 h6 11. Bxf6 Qxf6 12. a3 Bd6 13. Nbd2 Bf5 14. Qc2 a4 15. Nh4 Bh7 16. Ne4 Qd8 17. f4 Be7 18. Qf2 Bxh4 19. gxh4 Ne7 20. Nc5 Nf5 21. Bxb7 Rb8 22. Be4 Ne3 23. f5 Nxf1 24. Rxf1 Rb6 25. Nxa4 Rf6 26. Nc5 g6 27. Nb3 gxf5 28. Nxd4 Rg6+ 29. Bg2 Kh8 30. Kh1 c5 31. Nc6 Qb6 32. Ne5 Rd6 33. Bd5 Rxd5 34. cxd5 Qd6 35. Nc4 Qxd5+ 36. Qf3 Qd4 37. Qe3 Qxh4 38. Qxc5 Re8 39. Ne5 Qf6 40. d4 f4 41. Qd5 Rg8 42. h3 Rg3 43. Qxf7 Be4+ 0-1

[Event "Gibraltar Masters 14th"]
[Site "Caleta"]
[Date "2016.01.31"]
[Round "6"]
[White "Midonet, Matthieu"]
[Black "Houska, Jovanka"]
[Result "1-0"]
[WhiteElo "2211"]
[BlackElo "2402"]
[PlyCount "73"]
[EventDate "2016.01.26"]
[EventType "swiss"]
[EventRounds "10"]
[EventCountry "GGB"]
[SourceTitle "CBM 171"]
[Source "ChessBase"]
[SourceDate "2016.03.14"]
[SourceVersion "2"]
[SourceVersionDate "2016.03.14"]
[SourceQuality "1"]

1. e4 c6 2. Ne2 d5 3. e5 d4 4. d3 g6 5. f4 Bg7 6. Nd2 f6 7. Nf3 c5 8. g3 Nc6 9. Bg2 Nh6 10. c3 0-0 11. 0-0 Qb6 12. Nd2 Be6 13. Nc4 Qc7 14. cxd4 cxd4 15. Bd2 fxe5 16. Rc1 exf4 17. Nxf4 Bf7 18. Na5 Nf5 19. Nxc6 bxc6 20. Rxc6 Qd7 21. Qg4 e5 22. Nh3 Bd5 23. Bxd5+ Qxd5 24. Rfc1 Qxa2 25. Qe4 Qxb2 26. Qd5+ Kh8 27. R6c2 Rad8 28. Qe6 Qb5 29. Ng5 Qxd3 30. Nf7+ Rxf7 31. Qxf7 Nxg3 32. Bh6 Nf5 33. Rc8 Qd1+ 34. Rxd1 Rxc8 35. Bxg7+ Nxg7 36. Rb1 d3 37. Rb7 1-0

[Event "Martinique-ch"]
[Site "Schoelcher"]
[Date "2014.05.18"]
[Round "3"]
[White "Midonet, Matthieu"]
[Black "Chancerel, Dominique"]
[Result "1-0"]
[WhiteElo "2180"]
[BlackElo "1827"]
[PlyCount "83"]
[EventDate "2014.05.17"]
[EventType "tourn"]
[EventRounds "11"]
[EventCountry "FRA"]
[SourceTitle "CBM 160 Extra"]
[Source "ChessBase"]
[SourceDate "2014.07.01"]
[SourceVersion "1"]
[SourceVersionDate "2014.07.01"]
[SourceQuality "1"]

1. e4 e5 2. Nf3 Nc6 3. Bb5 a6 4. Ba4 Nf6 5. 0-0 Be7 6. Re1 b5 7. Bb3 0-0 8. a4 b4 9. d3 d6 10. a5 Bg4 11. Nbd2 Nd4 12. Bc4 c6 13. h3 Nxf3+ 14. Nxf3 Bh5 15. Bb3 Nd7 16. g4 Bg6 17. Be3 Rb8 18. Bc4 Qc8 19. Nh2 Re8 20. Nf1 Nf6 21. f3 h5 22. Ng3 d5 23. Bb3 dxe4 24. dxe4 hxg4 25. hxg4 Nd7 26. Qe2 Nc5 27. Bc4 Ne6 28. Bxa6 Qc7 29. Bc4 Nf4 30. Qh2 Bg5 31. Kf2 c5 32. Rh1 Kf8 33. Rad1 Rbd8 34. Qh8+ Ke7 35. Qxg7 Rd4 36. Nf5+ Kd8 37. c3 bxc3 38. bxc3 Qxa5 39. cxd4 cxd4 40. Bxf4 Bxf4 41. Qf6+ Kc7 42. Qd6+ 1-0

[Event "Andorra op 31st"]
[Site "La Massana"]
[Date "2013.07.26"]
[Round "7"]
[White "Midonet, Matthieu"]
[Black "Midoux, Sebastien"]
[Result "0-1"]
[WhiteElo "2157"]
[BlackElo "2329"]
[PlyCount "52"]
[EventDate "2013.07.20"]
[EventType "swiss"]
[EventRounds "9"]
[EventCountry "AND"]
[SourceTitle "CBM 155 Extra"]
[Source "ChessBase"]
[SourceDate "2013.08.26"]
[SourceVersion "1"]
[SourceVersionDate "2013.08.26"]
[SourceQuality "1"]

1. e4 c5 2. b3 Nc6 3. Bb2 e5 4. Bc4 Nf6 5. Nc3 Be7 6. d3 d6 7. Nge2 a6 8. a4 0-0 9. 0-0 Rb8 10. f4 Ng4 11. Qd2 exf4 12. Nxf4 Bf6 13. Kh1 Bd4 14. Nd1 Bxb2 15. Nxb2 Qg5 16. Bd5 Nb4 17. Nc4 Qh6 18. h3 b5 19. axb5 axb5 20. Na5 Bd7 21. Qe2 Nf6 22. c3 Nbxd5 23. Nxd5 Nxd5 24. exd5 Rbe8 25. Qf2 Re3 26. Nc6 Bxh3 0-1